| 000 | 01109nam a22003497a 4500 | ||
|---|---|---|---|
| 003 | CHAP | ||
| 005 | 20240430084847.0 | ||
| 008 | 081118s2008 mx a r 00010 spa d | ||
| 010 | _a95396 | ||
| 011 | _a96368 | ||
| 020 | _a9789701513033 | ||
| 035 | _a107020 | ||
| 040 | _cCHAP | ||
| 082 | 0 | 4 |
_a021.65 _bG58 |
| 100 | 1 |
_aGómez González, Sergio. _949725 |
|
| 245 | 1 | 0 |
_aSolidworks _c/por Sergio Gómez González |
| 260 |
_aMéxico.D.F. : _bAlfaomega, _c2008 |
||
| 300 |
_a698 p. : _bilus. + 1 CD de 4 3/4 plgs. |
||
| 590 |
_aBATCH-UPD _b10 _c20130110 |
||
| 590 |
_aBATCH-UPD _b10 _c20130110 |
||
| 590 |
_aBATCH-UPD _b10 _c20130410 |
||
| 590 |
_aBATCH-UPD _b10 _c20130410 |
||
| 590 |
_aBATCH-UPD _b10 _c20130914 |
||
| 590 |
_aCONVERSION _b10 _c20130109 |
||
| 650 | 1 | 4 |
_aDiseño industrial. _932732 |
| 650 | 1 | 4 |
_aLenguajes de programación. _965989 |
| 650 | 1 | 4 |
_aSolidworks. _9108407 |
| 901 | _aBK | ||
| 942 |
_cLIBRO _2ddc |
||
| 949 |
_a021.65 G58 _bBC _cLIBRO _d33724002075280 _eLIBRO _fc.2 _h109900 _i107020 _so _t$398.00 |
||
| 949 |
_a021.65 G58 _bBC _cLIBRO _d33724002075405 _eLIBRO _h109899 _i107020 _si _t$398.00 |
||
| 999 |
_c95396 _d95396 |
||